MARC details
| 000 -LEADER |
| fixed length control field |
01737nam a22003617a 4500 |
| 007 - PHYSICAL DESCRIPTION FIXED FIELD--GENERAL INFORMATION |
| fixed length control field |
cr c| aaaaaaaa |
| 008 - FIXED-LENGTH DATA ELEMENTS--GENERAL INFORMATION |
| fixed length control field |
250819e20250808ag ||||os| 0 0 spa d |
| 020 ## - INTERNATIONAL STANDARD BOOK NUMBER |
| International Standard Book Number |
9786319127720 |
| 040 ## - CATALOGING SOURCE |
| Transcribing agency |
AR-FvUNAJ |
| Modifying agency |
AR-FvUNAJ |
| Description conventions |
aacr2 |
| 041 ## - LANGUAGE CODE |
| Language code of text/sound track or separate title |
spa |
| 111 ## - MAIN ENTRY--MEETING NAME |
| 9 (RLIN) |
21859 |
| Meeting name or jurisdiction name as entry element |
Congreso Internacional de cáñamo industrial y cannabis medicinal |
| Number of part/section/meeting |
(1ª : |
| Date of meeting |
9 al 10 de mayo de 2025 : |
| Location of meeting |
Florencio Varela) |
| 245 ## - TITLE STATEMENT |
| Title |
Congreso Internacional de cáñamo industrial y cannabis medicinal : |
| Remainder of title |
Un espacio para la ciencia, la medicina y la innovación / |
| Statement of responsibility, etc |
Editado por Amancai Britez, Silvia Kochen y Marcelo Morante |
| 260 ## - PUBLICATION, DISTRIBUTION, ETC. (IMPRINT) |
| Place of publication, distribution, etc |
Florencio Varela : |
| Name of publisher, distributor, etc |
Universidad Nacional Arturo Jauretche, |
| Date of publication, distribution, etc |
2025 |
| 300 ## - PHYSICAL DESCRIPTION |
| Extent |
192 p. : |
| Other physical details |
Digital |
| 520 ## - SUMMARY, ETC. |
| Summary, etc |
Actas del Congreso Internacional de cáñamo industrial y cannabis medicinal |
| 540 ## - TERMS GOVERNING USE AND REPRODUCTION NOTE |
| Terms governing use and reproduction |
Esta obra está bajo una Licencia Creative Commons Argentina. Atribución - No Comercial - Sin Derivadas 2.5 Argentina (CC BY-NC-ND 2.5 AR) |
| Uniform Resource Identifier |
<a href="https://creativecommons.org/licenses/by-nc-nd/2.5/ar/">https://creativecommons.org/licenses/by-nc-nd/2.5/ar/</a> |
| 650 27 - SUBJECT ADDED ENTRY--TOPICAL TERM |
| Source of heading or term |
decs |
| 9 (RLIN) |
17623 |
| Topical term or geographic name as entry element |
CANNABIS |
| 650 27 - SUBJECT ADDED ENTRY--TOPICAL TERM |
| Source of heading or term |
unescot |
| 9 (RLIN) |
4906 |
| Topical term or geographic name as entry element |
MEDICINA |
| 650 27 - SUBJECT ADDED ENTRY--TOPICAL TERM |
| Source of heading or term |
unescot |
| 9 (RLIN) |
21860 |
| Topical term or geographic name as entry element |
CULTIVOS |
| 650 27 - SUBJECT ADDED ENTRY--TOPICAL TERM |
| Source of heading or term |
unescot |
| 9 (RLIN) |
1306 |
| Topical term or geographic name as entry element |
LEGISLACIÓN |
| 650 27 - SUBJECT ADDED ENTRY--TOPICAL TERM |
| Source of heading or term |
unescot |
| 9 (RLIN) |
4069 |
| Topical term or geographic name as entry element |
ORGANIZACIONES NO GUBERNAMENTALES |
| 650 27 - SUBJECT ADDED ENTRY--TOPICAL TERM |
| Source of heading or term |
unescot |
| 9 (RLIN) |
364 |
| Topical term or geographic name as entry element |
PRODUCCION |
| 650 27 - SUBJECT ADDED ENTRY--TOPICAL TERM |
| Source of heading or term |
unescot |
| 9 (RLIN) |
5345 |
| Topical term or geographic name as entry element |
CONTROL DE CALIDAD |
| 650 27 - SUBJECT ADDED ENTRY--TOPICAL TERM |
| Source of heading or term |
unescot |
| 9 (RLIN) |
9751 |
| Topical term or geographic name as entry element |
INVESTIGACIÓN BÁSICA |
| 650 27 - SUBJECT ADDED ENTRY--TOPICAL TERM |
| Source of heading or term |
unescot |
| 9 (RLIN) |
5771 |
| Topical term or geographic name as entry element |
MEDICINA CLINICA |
| 650 27 - SUBJECT ADDED ENTRY--TOPICAL TERM |
| Source of heading or term |
unescot |
| 9 (RLIN) |
3373 |
| Topical term or geographic name as entry element |
VETERINARIA |
| 700 1# - ADDED ENTRY--PERSONAL NAME |
| 9 (RLIN) |
21861 |
| Personal name |
Britez, Amancai |
| Relator term |
Ed. |
| 700 1# - ADDED ENTRY--PERSONAL NAME |
| 9 (RLIN) |
6878 |
| Personal name |
Kochen, Silvia |
| Relator term |
Ed. |
| 700 1# - ADDED ENTRY--PERSONAL NAME |
| 9 (RLIN) |
21862 |
| Personal name |
Morante, Marcelo |
| Relator term |
Ed. |
| 856 ## - ELECTRONIC LOCATION AND ACCESS |
| Electronic format type |
application/pdf |
| Uniform Resource Identifier |
<a href="https://rid.unaj.edu.ar/handle/123456789/3346">https://rid.unaj.edu.ar/handle/123456789/3346</a> |
| 942 ## - ADDED ENTRY ELEMENTS (KOHA) |
| Source of classification or shelving scheme |
Dewey Decimal Classification |
| Item type |
Libro electrónico |
| 980 ## - EQUIVALENCE OR CROSS-REFERENCE-SERIES STATEMENT--PERSONAL NAME/TITLE [LOCAL, CANADA] |
| Linkage |
20072 |
| Personal name |
Matías Regueira |
| Field link and sequence number |
20072 |
| Miscellaneous information |
Matías Regueira |